000 nam a22 7a 4500
999 _c40597
_d40597
003 OSt
005 20170922154228.0
008 170922b xxu||||| |||| 00| 0 eng d
040 _cSERO SOFT
100 _aAIR
245 _aALL INDIA REPORT
260 _aNAPUR
_bAIR NAGPUR PVT
_c2017
942 _2ddc
_c01